|
|
|
|
| LEADER |
01602cas a2200253 a 4500 |
| 001 |
AALejournalIMF021328 |
| 008 |
230101c9999 xx r poo 0 0eng d |
| 020 |
|
|
|c 20.00 USD
|
| 020 |
|
|
|z 9781513560120
|
| 040 |
|
|
|a BD-DhAAL
|c BD-DhAAL
|
| 100 |
1 |
|
|a Mathai, Koshy.
|
| 240 |
1 |
0 |
|a Social Spending for Inclusive Growth in the Middle East and Central Asia.
|l French
|
| 245 |
1 |
0 |
|a Social Spending for Inclusive Growth in the Middle East and Central Asia /
|c Koshy Mathai, Christoph Duenwald, Anastasia Guscina, Rayah Al-Farah.
|
| 264 |
|
1 |
|a Washington, D.C. :
|b International Monetary Fund,
|c 2020.
|
| 300 |
|
|
|a 1 online resource (109 pages)
|
| 500 |
|
|
|a <strong>Off-Campus Access:</strong> No User ID or Password Required
|
| 500 |
|
|
|a <strong>On-Campus Access:</strong> No User ID or Password Required
|
| 506 |
|
|
|a Electronic access restricted to authorized BRAC University faculty, staff and students
|
| 520 |
3 |
|
|a This paper examines the role of social spending in improving socioeconomic outcomes in the Middle East and Central Asia. In particular, it addresses the following questions: (1) how large is social spending across the region? (2) how do countries in the region fare on socioeconomic outcomes? (3) how important is social spending as a determinant of these outcomes? and (4) how efficient is social spending in the region?
|
| 538 |
|
|
|a Mode of access: Internet
|
| 700 |
1 |
|
|a Al-Farah, Rayah.
|
| 700 |
1 |
|
|a Duenwald, Christoph.
|
| 700 |
1 |
|
|a Guscina, Anastasia.
|
| 856 |
4 |
0 |
|z Full text available on IMF
|u http://elibrary.imf.org/view/journals/087/2020/012/087.2020.issue-012-fr.xml
|z IMF e-Library
|